The financial implications to landowners and farmers of the Countryside Stewardship Scheme. (Record no. 88933)

MARC details
000 -LEADER
fixed length control field 01039cam a2200337 4500
008 - FIXED-LENGTH DATA ELEMENTS--GENERAL INFORMATION
fixed length control field 090401t1995 xxu||||| |||| 00| 0 eng d
020 ## - INTERNATIONAL STANDARD BOOK NUMBER
International Standard Book Number 0704905345
035 ## - SYSTEM CONTROL NUMBER
System control number (Sirsi) u26425
041 ## - LANGUAGE CODE
Language code of text/sound track or separate title eng
050 ## - LIBRARY OF CONGRESS CALL NUMBER
Classification number 333.76
-- 18
100 ## - MAIN ENTRY--PERSONAL NAME
Personal name Ravenscroft, N.
245 #4 - TITLE STATEMENT
Title The financial implications to landowners and farmers of the Countryside Stewardship Scheme.
260 ## - PUBLICATION, DISTRIBUTION, ETC.
Place of publication, distribution, etc. Reading
Name of publisher, distributor, etc. CELTS
Date of publication, distribution, etc. 1995
300 ## - PHYSICAL DESCRIPTION
Extent 32 leaves ; 30cm.
350 ## - PRICE (NR) (BK AM CF MU VM SE) [OBSOLETE]
Price 0
490 ## - SERIES STATEMENT
Series statement Centre for Environment and Land Tenure Studies Research Series
Volume/sequential designation 95/1
520 ## - SUMMARY, ETC.
Summary, etc. Report prepared for the Ramblers Association.
650 ## - SUBJECT ADDED ENTRY--TOPICAL TERM
Topical term or geographic name entry element COUNTRYSIDE STEWARDSHIP SCHEME
650 ## - SUBJECT ADDED ENTRY--TOPICAL TERM
Topical term or geographic name entry element FARM INCOMES
650 ## - SUBJECT ADDED ENTRY--TOPICAL TERM
Topical term or geographic name entry element FARM LAND
650 ## - SUBJECT ADDED ENTRY--TOPICAL TERM
Topical term or geographic name entry element LAND PRICES
650 ## - SUBJECT ADDED ENTRY--TOPICAL TERM
Topical term or geographic name entry element RAMBLERS ASSOCIATION
690 ## - LOCAL SUBJECT ADDED ENTRY--TOPICAL TERM (OCLC, RLIN)
Topical term or geographic name as entry element RURAL PRACTICE
700 ## - ADDED ENTRY--PERSONAL NAME
Personal name Prag, Peter A. B.
700 ## - ADDED ENTRY--PERSONAL NAME
Personal name Gibbard, R.
700 ## - ADDED ENTRY--PERSONAL NAME
Personal name Markwell, S. S.
710 ## - ADDED ENTRY--CORPORATE NAME
Corporate name or jurisdiction name as entry element Centre for Environment and Land Tenure Studies
9 (RLIN) 2835
710 ## - ADDED ENTRY--CORPORATE NAME
Corporate name or jurisdiction name as entry element University of Reading
9 (RLIN) 3273
942 ## - ADDED ENTRY ELEMENTS (KOHA)
Suppress in OPAC 0
948 ## - LOCAL PROCESSING INFORMATION (OCLC); SERIES PART DESIGNATOR (RLIN)
c (OCLC) 04/03/1997
Holdings
Withdrawn status Lost status Source of classification or shelving scheme Damaged status Not for loan Home library Current library Shelving location Date acquired Total Checkouts Full call number Barcode Date last seen Copy number Price effective from Koha item type
    Dewey Decimal Classification     London London Basement 09/05/1995   SHELF 202 30045729 06/08/2019 1 06/08/2019 Book